<?xml version="1.0" encoding="UTF-8"?>
<record
    xmlns:xsi="http://www.w3.org/2001/XMLSchema-instance"
    xsi:schemaLocation="http://www.loc.gov/MARC21/slim http://www.loc.gov/standards/marcxml/schema/MARC21slim.xsd"
    xmlns="http://www.loc.gov/MARC21/slim">

  <leader>00789nam a22001577a 4500</leader>
  <controlfield tag="003">OSt</controlfield>
  <controlfield tag="005">20151006111229.0</controlfield>
  <controlfield tag="008">151006b        xxu||||| |||| 00| 0 eng d</controlfield>
  <datafield tag="040" ind1=" " ind2=" ">
    <subfield code="c">RUA</subfield>
  </datafield>
  <datafield tag="082" ind1=" " ind2=" ">
    <subfield code="a">AGR KON 2001 B026 Or.1</subfield>
  </datafield>
  <datafield tag="100" ind1=" " ind2=" ">
    <subfield code="9">2138</subfield>
    <subfield code="a">KONG SIDETH </subfield>
  </datafield>
  <datafield tag="245" ind1=" " ind2=" ">
    <subfield code="a">Effect of inoranic fertilizer application on gelatinization temperature and grain elongation of rice in field, (&#x17A5;&#x1791;&#x17D2;&#x1792;&#x17B7;&#x1796;&#x179B;&#x1793;&#x17C3;&#x1780;&#x17B6;&#x179A;&#x1794;&#x17D2;&#x179A;&#x17BE;&#x1794;&#x17D2;&#x179A;&#x17B6;&#x179F;&#x17CB;&#x1787;&#x17B8;&#x17A2;&#x179F;&#x17B7;&#x179A;&#x17B8;&#x179A;&#x17B6;&#x1784;&#x17D2;&#x1782;&#x1791;&#x17C5;&#x179B;&#x17BE;&#x179F;&#x17B8;&#x178F;&#x17BB;&#x178E;&#x17D2;&#x17A0;&#x1797;&#x17B6;&#x1796;&#x17A2;&#x1793;&#x17D2;&#x1792;&#x17B7;&#x179B;&#x1780;&#x1798;&#x17D2;&#x1798;&#x200B; &#x1793;&#x17B7;&#x1784;&#x1797;&#x17B6;&#x1796;&#x179A;&#x17B8;&#x1780;&#x1793;&#x17C3;&#x179F;&#x17B6;&#x1785;&#x17CB;&#x1782;&#x17D2;&#x179A;&#x17B6;&#x1794;&#x17CB;&#x17A2;&#x1784;&#x17D2;&#x1780;&#x1793;&#x17C5;&#x1780;&#x17D2;&#x1793;&#x17BB;&#x1784;&#x179B;&#x17D0;&#x1780;&#x17D2;&#x1781;&#x1781;&#x17D0;&#x178E;&#x17D2;&#x178C;&#x179F;&#x17D2;&#x179A;&#x17C2;)</subfield>
  </datafield>
  <datafield tag="260" ind1=" " ind2=" ">
    <subfield code="a">phnom penh </subfield>
    <subfield code="b">rua</subfield>
    <subfield code="c">2001</subfield>
  </datafield>
  <datafield tag="300" ind1=" " ind2=" ">
    <subfield code="a">68p.</subfield>
    <subfield code="b">ill.</subfield>
    <subfield code="c">29cm.</subfield>
  </datafield>
  <datafield tag="942" ind1=" " ind2=" ">
    <subfield code="2">ddc</subfield>
    <subfield code="c">AGR</subfield>
  </datafield>
  <datafield tag="999" ind1=" " ind2=" ">
    <subfield code="c">2009</subfield>
    <subfield code="d">2009</subfield>
  </datafield>
  <datafield tag="952" ind1=" " ind2=" ">
    <subfield code="0">0</subfield>
    <subfield code="1">0</subfield>
    <subfield code="2">ddc</subfield>
    <subfield code="4">0</subfield>
    <subfield code="6">AGR_KON_2001_000000000000000_B026_OR_1</subfield>
    <subfield code="7">0</subfield>
    <subfield code="9">8329</subfield>
    <subfield code="a">LBB</subfield>
    <subfield code="b">LBB</subfield>
    <subfield code="c">B026</subfield>
    <subfield code="d">2015-10-06</subfield>
    <subfield code="o">AGR KON 2001 B026 Or.1</subfield>
    <subfield code="p">RUA027467</subfield>
    <subfield code="r">2015-10-06</subfield>
    <subfield code="w">2015-10-06</subfield>
    <subfield code="y">AGR</subfield>
  </datafield>
</record>
